[Event "Hanoi (Women) op 12"]
[Site "Hanoi"]
[Date "2022.??.??"]
[Round "1"]
[White "Le, Thi Thu Huong"]
[Black "Nguyen, Ngoc Hien1"]
[Result "1/2-1/2"]
[WhiteElo "1914"]
[BlackElo "1377"]
[PlyCount "117"]
[EventDate "2022.12.11"]
[EventType "swiss"]
[EventRounds "9"]
[EventCountry "VIE"]
[SourceTitle "CBM 211 Extra"]
[Source "ChessBase"]
[SourceDate "2023.01.31"]
[SourceVersion "1"]
[SourceVersionDate "2023.01.31"]
[SourceQuality "1"]

1. d4 e6 2. Nf3 f5 3. b3 Nf6 4. Bb2 Be7 5. g3 b6 6. Bg2 Bb7 7. 0-0 0-0 8. c4 Ne4 9. Nbd2 Nxd2 10. Qxd2 d6 11. Rae1 Nd7 12. d5 e5 13. e4 fxe4 14. Rxe4 Bc8 15. h4 Qe8 16. Ng5 Nc5 17. Ree1 Qg6 18. Ne4 Nxe4 19. Rxe4 Bg4 20. f4 Bf5 21. Re3 Rae8 22. fxe5 dxe5 23. Bxe5 Bc5 24. Bd4 Rxe3 25. Qxe3 Bxd4 26. Qxd4 Qxg3 27. Rf3 Qe1+ 28. Kh2 h5 29. a4 Rf6 30. Re3 Qb4 31. Qe5 Qd2 32. Rg3 Bg6 33. Qxc7 Qd4 34. Rh3 Bf5 35. Rf3 Qxh4+ 36. Kg1 Kh7 37. Qg3 Qd4+ 38. Kh2 Rg6 39. Qf4 Qxf4+ 40. Rxf4 Bc2 41. b4 Kg8 42. a5 bxa5 43. bxa5 Ra6 44. c5 g5 45. Rc4 Bf5 46. Ra4 Rf6 47. c6 Kf7 48. Rb4 Ke7 49. Rb7+ Kd6 50. Rxa7 h4 51. Rg7 g4 52. a6 g3+ 53. Kg1 Rf8 54. Rg5 h3 55. Bxh3 Bxh3 56. Rxg3 Bf5 57. Rf3 Kxd5 58. c7 Rg8+ 59. Kf2 1/2-1/2

[Event "VIE-ch (Women)"]
[Site "Ho Chi Minh City"]
[Date "2021.03.28"]
[Round "7"]
[White "Le, Thi Thu Huong"]
[Black "Le, La Tra My"]
[Result "0-1"]
[WhiteElo "2002"]
[BlackElo "1851"]
[PlyCount "140"]
[EventDate "2021.03.24"]
[EventType "swiss"]
[EventRounds "9"]
[EventCountry "VIE"]
[SourceTitle "EXT 2022"]
[Source "ChessBase"]
[SourceDate "2021.10.06"]
[SourceVersion "1"]
[SourceVersionDate "2021.10.06"]
[SourceQuality "1"]

1. d4 Nf6 2. Nf3 b6 3. e3 Bb7 4. b3 e6 5. Bb2 c5 6. Nbd2 Be7 7. Bd3 0-0 8. c4 cxd4 9. exd4 d5 10. Rc1 Nbd7 11. 0-0 Ne4 12. Qc2 f5 13. Ne5 Rc8 14. Nxd7 Qxd7 15. f3 Nxd2 16. Qxd2 dxc4 17. Bxc4 b5 18. Be2 Bf6 19. Rxc8 Rxc8 20. Rd1 Qd5 21. Qd3 a6 22. Bc3 Qc6 23. Be1 Qc2 24. Qe3 Bd5 25. Rd2 Qc1 26. Bd1 Qb1 27. Kf1 Rc1 28. Ke2 h6 29. Bf2 Bg5 30. f4 Be7 31. Qd3 Qxd3+ 32. Rxd3 Bxg2 33. a4 Bc6 34. Kd2 Ra1 35. axb5 Bb4+ 36. Kc2 Bxb5 37. Kb2 Bxd3 38. Kxa1 Bd2 39. Kb2 Bxf4 40. Kc3 Bb5 41. h4 g5 42. b4 Kf7 43. hxg5 hxg5 44. Bb3 Ke7 45. d5 exd5 46. Bxd5 Kd6 47. Bg2 Be5+ 48. Kd2 g4 49. Bc5+ Ke6 50. Bb7 Bf4+ 51. Ke1 Bc7 52. Kf2 Kf6 53. Kg2 Bd3 54. Bc8 Kg5 55. Be7+ Kf4 56. Bf8 Be4+ 57. Kf1 a5 58. bxa5 Bxa5 59. Bc5 Kf3 60. Ba6 Bc7 61. Be2+ Kg3 62. Bf2+ Kh3 63. Bg1 g3 64. Bb5 g2+ 65. Ke1 Bh2 66. Kf2 Bxg1+ 67. Kxg1 Kg3 68. Bd7 Kf3 69. Bc8 f4 70. Bh3 Ke3 0-1

[Event "VIE-chT (Women)"]
[Site "Bac Giang"]
[Date "2020.06.08"]
[Round "5.9"]
[White "Le, Thi Thu Huong"]
[Black "Nguyen, Hong Ngoc"]
[Result "0-1"]
[WhiteElo "2002"]
[BlackElo "1924"]
[PlyCount "40"]
[EventDate "2020.06.06"]
[EventType "swiss"]
[EventRounds "9"]
[EventCountry "VIE"]
[SourceTitle "CBM 197 Extra"]
[Source "ChessBase"]
[SourceDate "2020.09.30"]
[SourceVersion "1"]
[SourceVersionDate "2020.09.30"]
[SourceQuality "1"]

1. d4 Nf6 2. c4 e6 3. Nc3 d5 4. e3 c6 5. Nf3 Bd6 6. a3 a5 7. b3 Nbd7 8. Bb2 b6 9. Be2 Bb7 10. Nd2 0-0 11. e4 e5 12. dxe5 Bxe5 13. exd5 cxd5 14. Bf3 Ne4 15. Qc2 Ndc5 16. cxd5 Nxd2 17. Kxd2 Rc8 18. b4 Bxc3+ 19. Bxc3 Bxd5 20. bxc5 Be4+ 0-1

[Event "VIE-chT (Women)"]
[Site "Bac Giang"]
[Date "2020.06.08"]
[Round "4.4"]
[White "Luong, Phuong Hanh"]
[Black "Le, Thi Thu Huong"]
[Result "1-0"]
[WhiteElo "2230"]
[BlackElo "2002"]
[PlyCount "61"]
[EventDate "2020.06.06"]
[EventType "swiss"]
[EventRounds "9"]
[EventCountry "VIE"]
[SourceTitle "CBM 197 Extra"]
[Source "ChessBase"]
[SourceDate "2020.09.30"]
[SourceVersion "1"]
[SourceVersionDate "2020.09.30"]
[SourceQuality "1"]

1. d4 d5 2. Bf4 Nf6 3. Nf3 Bf5 4. e3 e6 5. Ne5 Be7 6. g4 Bg6 7. h4 h5 8. Nxg6 fxg6 9. g5 Nfd7 10. Bd3 Nf8 11. Be5 Rg8 12. c3 c6 13. Qc2 Kf7 14. Rh3 Nbd7 15. Rf3+ Nf6 16. Nd2 Rc8 17. 0-0-0 c5 18. dxc5 Rxc5 19. Nb3 Rc8 20. Bd4 a6 21. e4 dxe4 22. Bxe4 Qc7 23. Be3 b5 24. Bf4 Qb6 25. Be5 Rc4 26. Nd2 Rc8 27. Bd3 b4 28. Nc4 Rxc4 29. Bxc4 Qc5 30. Qe2 a5 31. gxf6 1-0

[Event "VIE-chT (Women)"]
[Site "Bac Giang"]
[Date "2020.06.07"]
[Round "3.10"]
[White "Le, Thi Thu Huong"]
[Black "Vu, Khanh Linh"]
[Result "1-0"]
[WhiteElo "2002"]
[BlackElo "1514"]
[PlyCount "91"]
[EventDate "2020.06.06"]
[EventType "swiss"]
[EventRounds "9"]
[EventCountry "VIE"]
[SourceTitle "CBM 197 Extra"]
[Source "ChessBase"]
[SourceDate "2020.09.30"]
[SourceVersion "1"]
[SourceVersionDate "2020.09.30"]
[SourceQuality "1"]

1. d4 g6 2. c4 Bg7 3. Nc3 Nf6 4. g3 0-0 5. Bg2 d6 6. b3 c5 7. e3 Nc6 8. Nge2 Bf5 9. 0-0 Qc8 10. Bb2 Bh3 11. Nf4 Bxg2 12. Kxg2 g5 13. Nfe2 Qf5 14. Qb1 Qg4 15. h3 Qh5 16. Qf5 e6 17. Qd3 e5 18. d5 Ne7 19. Rae1 Ng6 20. f4 gxf4 21. exf4 Rae8 22. f5 e4 23. Nxe4 Nxe4 24. Bxg7 Kxg7 25. fxg6 hxg6 26. Nf4 Qe5 27. Ne6+ fxe6 28. Rxe4 Qb2+ 29. Re2 Qd4 30. Qxd4+ cxd4 31. Rxf8 Kxf8 32. dxe6 Kg7 33. Kf3 Kf6 34. e7 d3 35. Re4 Kf5 36. g4+ Kf6 37. Ke3 Rxe7 38. g5+ Kf7 39. Rxe7+ Kxe7 40. Kxd3 b6 41. Ke4 Ke6 42. b4 b5 43. cxb5 d5+ 44. Kd4 Kf5 45. a4 Kxg5 46. a5 1-0

[Event "VIE-chT (Women)"]
[Site "Bac Giang"]
[Date "2020.06.06"]
[Round "1.13"]
[White "Le, Thi Thu Huong"]
[Black "Nguyen, Thuy Linh"]
[Result "1/2-1/2"]
[WhiteElo "2002"]
[BlackElo "1383"]
[PlyCount "92"]
[EventDate "2020.06.06"]
[EventType "swiss"]
[EventRounds "9"]
[EventCountry "VIE"]
[SourceTitle "CBM 197 Extra"]
[Source "ChessBase"]
[SourceDate "2020.09.30"]
[SourceVersion "1"]
[SourceVersionDate "2020.09.30"]
[SourceQuality "1"]

1. e4 e5 2. Nf3 d6 3. c3 c6 4. Be2 Nd7 5. d4 Be7 6. Qb3 Ngf6 7. Nbd2 0-0 8. 0-0 Qc7 9. Re1 a6 10. a4 b6 11. Bd3 Bb7 12. Nf1 Rfc8 13. Ne3 c5 14. d5 Nh5 15. Nf5 Bf8 16. c4 Rab8 17. Qd1 Nhf6 18. Ra3 b5 19. axb5 axb5 20. cxb5 c4 21. Rc3 Nc5 22. Rxc4 Qd7 23. Bb1 Ncxe4 24. Rxc8 Rxc8 25. Bxe4 Nxe4 26. Nh6+ gxh6 27. Rxe4 Rc5 28. b6 Rxd5 29. Qe1 Rb5 30. Re3 f5 31. Nd2 f4 32. Rd3 Qc6 33. f3 Rc5 34. Nb3 Rb5 35. Kh1 Qxb6 36. Nd2 Ba6 37. Rc3 Rc5 38. Ne4 Rxc3 39. bxc3 d5 40. Nf2 Bc5 41. Ng4 Qb1 42. Bd2 Qxe1+ 43. Bxe1 d4 44. Nxe5 d3 45. c4 Be3 46. Nxd3 Bxc4 1/2-1/2

[Event "VIE-chT (Women)"]
[Site "Ho Chi Minh City"]
[Date "2019.09.29"]
[Round "6.7"]
[White "Le, Thi Thu Huong"]
[Black "Kieu, Bich Thuy"]
[Result "1-0"]
[WhiteElo "2002"]
[BlackElo "1940"]
[PlyCount "66"]
[EventDate "2019.09.26"]
[EventType "swiss"]
[EventRounds "9"]
[EventCountry "VIE"]
[SourceTitle "EXT 2020"]
[Source "ChessBase"]
[SourceDate "2019.10.17"]
[SourceVersion "1"]
[SourceVersionDate "2019.10.17"]
[SourceQuality "1"]

1. d4 Nf6 2. Nf3 g6 3. c4 Bg7 4. Nc3 d6 5. e4 0-0 6. Be2 e5 7. d5 Nbd7 8. h3 Nc5 9. Qc2 a5 10. Be3 b6 11. 0-0 Ne8 12. Nd2 f5 13. exf5 gxf5 14. f4 Nf6 15. a3 Bh6 16. Rac1 e4 17. b4 axb4 18. axb4 Na6 19. Rb1 Qe8 20. Qd1 Qg6 21. Kh2 Bg7 22. Nb5 Bd7 23. Nd4 Kh8 24. Rg1 Qh6 25. g3 Ra7 26. Qb3 Rfa8 27. Ra1 Bf8 28. Qb2 Bg7 29. Ra2 b5 30. Kg2 Qg6 31. Rga1 Nh5 32. Nf1 bxc4 33. Bxc4 Bc8 1-0

[Event "VIE-ch (Women)"]
[Site "Ho Chi Minh City"]
[Date "2018.04.30"]
[Round "6"]
[White "Tran, Le Dan Thuy"]
[Black "Le, Thi Thu Huong"]
[Result "0-1"]
[WhiteElo "2064"]
[BlackElo "2030"]
[PlyCount "80"]
[EventDate "2018.04.27"]
[EventType "swiss"]
[EventRounds "9"]
[EventCountry "VIE"]
[SourceTitle "CBM 184 Extra"]
[Source "ChessBase"]
[SourceDate "2018.06.28"]
[SourceVersion "1"]
[SourceVersionDate "2018.06.28"]
[SourceQuality "1"]

1. e4 d5 2. exd5 Qxd5 3. Nf3 Nf6 4. Nc3 Qa5 5. Bc4 Bg4 6. d4 c6 7. 0-0 e6 8. Re1 Be7 9. h3 Bh5 10. Qe2 Qf5 11. Qe5 Qxe5 12. Nxe5 Nbd7 13. f4 Nxe5 14. dxe5 Nd5 15. Nxd5 cxd5 16. Bb5+ Kf8 17. Be3 a6 18. Ba4 b5 19. Bb3 Bg6 20. a4 b4 21. Rac1 h5 22. c4 bxc3 23. Rxc3 Bb4 24. Bc5+ Bxc5+ 25. Rxc5 Kg8 26. Rec1 Kh7 27. g4 hxg4 28. hxg4 Rhb8 29. Bxd5 exd5 30. f5 Rxb2 31. Rxd5 Rb4 32. fxg6+ Kxg6 33. Rc6+ Kh7 34. Rd7 Rxg4+ 35. Kh2 Rh8 36. Kh3 Rxa4 37. Kg3 Re8 38. Rxf7 Rxe5 39. Rb7 Rb5 40. Rxa6 Rg5+ 0-1

[Event "VIE-chT (Women)"]
[Site "Ho Chi Minh City"]
[Date "2017.07.25"]
[Round "3.35"]
[White "Nguyen, Ngoc Phuong Nghi"]
[Black "Le, Thi Thu Huong"]
[Result "0-1"]
[WhiteElo "1913"]
[BlackElo "2030"]
[PlyCount "60"]
[EventDate "2017.07.24"]
[EventType "team-swiss"]
[EventRounds "9"]
[EventCountry "VIE"]
[SourceTitle "EXT 2019"]
[Source "ChessBase"]
[SourceDate "2018.10.10"]
[SourceVersion "1"]
[SourceVersionDate "2018.10.10"]
[SourceQuality "1"]

1. d4 d5 2. c4 c6 3. Nf3 Nf6 4. Nc3 e6 5. e3 dxc4 6. Bxc4 b5 7. Bd3 Bb7 8. 0-0 Be7 9. e4 a6 10. a4 b4 11. Ne2 h6 12. b3 Nbd7 13. Bb2 c5 14. Ng3 cxd4 15. Nxd4 Nc5 16. e5 Nxd3 17. Qxd3 Qd5 18. Qf3 Nd7 19. Qxd5 Bxd5 20. f4 Nc5 21. f5 Nxb3 22. Nxb3 Bxb3 23. Rac1 Bg5 24. Rc7 0-0 25. a5 Rac8 26. Rb7 Be3+ 27. Kh1 Rc2 28. Ba1 Bd5 29. Rf3 Bxb7 30. Rxe3 Rc1+ 0-1

[Event "VIE-ch (Women)"]
[Site "Da Lat"]
[Date "2014.04.02"]
[Round "11"]
[White "Le, Thi Thu Huong"]
[Black "Tran, Thi Mong Thu"]
[Result "1-0"]
[WhiteElo "2020"]
[BlackElo "1909"]
[PlyCount "89"]
[EventDate "2014.03.26"]
[EventType "swiss"]
[EventRounds "11"]
[EventCountry "VIE"]
[SourceTitle "CBM 159 Extra"]
[Source "ChessBase"]
[SourceDate "2014.04.24"]
[SourceVersion "1"]
[SourceVersionDate "2014.04.24"]
[SourceQuality "1"]

1. d4 d5 2. Nf3 Nf6 3. Bf4 c6 4. e3 e6 5. Bd3 Nbd7 6. c4 Be7 7. Nc3 0-0 8. Qc2 Re8 9. 0-0 Nf8 10. cxd5 exd5 11. Rab1 Nh5 12. Bg3 Nxg3 13. hxg3 Bd6 14. b4 a6 15. a4 Bd7 16. b5 axb5 17. axb5 Rc8 18. b6 Qf6 19. Ra1 Ng6 20. Ra7 Rb8 21. Rb1 Kh8 22. e4 dxe4 23. Nxe4 Qe7 24. Nfg5 Be6 25. Ba6 Red8 26. Bxb7 Rxb7 27. Qxc6 Rbd7 28. Nxe6 fxe6 29. Rxd7 Rxd7 30. Nxd6 Rxd6 31. Qa8+ Rd8 32. b7 h6 33. Qxd8+ Qxd8 34. b8Q Qxb8 35. Rxb8+ Kh7 36. Re8 h5 37. Rxe6 Nf8 38. Re7 Kg6 39. d5 Kf6 40. d6 g6 41. f4 Ne6 42. Re8 Nc5 43. Kf2 Kf7 44. Re5 Ne6 45. d7 1-0

[Event "VIE-ch (Women)"]
[Site "Da Lat"]
[Date "2014.03.27"]
[Round "3"]
[White "Le, Thi Thu Huong"]
[Black "Le, Thanh Tu"]
[Result "0-1"]
[WhiteElo "2020"]
[BlackElo "2266"]
[PlyCount "34"]
[EventDate "2014.03.26"]
[EventType "swiss"]
[EventRounds "11"]
[EventCountry "VIE"]
[SourceTitle "CBM 159 Extra"]
[Source "ChessBase"]
[SourceDate "2014.04.24"]
[SourceVersion "1"]
[SourceVersionDate "2014.04.24"]
[SourceQuality "1"]

1. d4 c5 2. dxc5 e6 3. Qd4 Nc6 4. Qc3 Nf6 5. Bg5 Be7 6. Nd2 0-0 7. Ngf3 b6 8. cxb6 Qxb6 9. e3 Rb8 10. Bc4 Ne4 11. Bxe7 Nxc3 12. Bxf8 Qxb2 13. 0-0 Kxf8 14. Bb3 d5 15. a3 Ba6 16. Rfe1 Ne2+ 17. Kh1 Qf6 0-1